000 00469pab a2200169 454500
008 180718b2015 xxu||||| |||| 00| 0 eng d
100 _aAnitha, J.
245 _aPublic awareness and reforms expected about various scams in India that nurtures business environment
260 _c2015
300 _ap.57-67.
362 _aOct-Dec
650 _aCorruption - India
650 _aCorruption
700 _aNatarajan, Nikitha
773 _aAbhigyan
909 _a109935
999 _c109930
_d109930